000 01054nam a22002777a 4500
005 20170801141749.0
010 _a1617EN ENG-117111
020 _a9781138237278
_c895.00
035 _aB-649436-448
035 _aEN-100643
035 _aB-667279
037 _aDPL
_bAAKAR
037 _bDBAD/PUB
082 _a801.95
245 _aModern Criticism and theory :
_cedited by David Lodge [and] Nigel Wood
_ba reader /
250 _a3th ed
260 _aNew York
_bRoutledge
_c2017
270 _a711 third avenue
_bNew York
_eNY 10017
300 _axviii,846p.
_c25cm(pbk)
500 _ainculds index
700 _aWood, Nigel
700 _aLodge, David
942 _2ddc
_cEN
_h801.95
_mMOD
999 _c102148
_d102148